000
00285nam a2200109Ia 4500
008
230907s9999||||xx |||||||||||||| ||und||
082
_a
305.42095491
_b
AYE
245
4
_a
The women's movement in Pakistan :
260
_a
I. B. Tauris,
_b
New York :
_c
2018
300
_a
398 p.
942
_c
BK
999
_c
600474
_d
600474